| 000 | 00940nam a2200265 a 4500 | ||
|---|---|---|---|
| 001 | 000041006 | ||
| 005 | 20201002034538.0 | ||
| 008 | 130913s1993 sp 000 0 spa d | ||
| 020 | _a8486852374 | ||
| 040 |
_aDO-SdBNP _bspa _cBNPHU |
||
| 082 |
_axxx _bxxxx |
||
| 245 | 0 | 3 |
_aLa atención a las personas mayores. : _binnovaciones importantes en tres países europeos / _cRobbet J. Kraan, [et.al.]. |
| 260 |
_aMadrid, España : _bInstituto nacional de asuntos sociales, _c1993. |
||
| 300 |
_a381 p. ; _c22 cm. |
||
| 490 | 1 |
_aPolítica estatal y bienestar social _v20 |
|
| 700 | 1 |
_aKraan, Robbert J. _967453 |
|
| 700 | 1 |
_aBaldock, John _967454 |
|
| 700 | 1 |
_aDavies, Bleddyn _967455 |
|
| 700 | 1 |
_aEvers, Adalbert _967456 |
|
| 700 | 1 |
_aJohansson, Lennhart _967457 |
|
| 700 | 1 |
_aKnapen, Martin _967458 |
|
| 700 | 1 |
_aThorslund, Mats _967459 |
|
| 700 | 1 |
_aTunissen, Catherine _967460 |
|
| 830 | 0 |
_aPolítica estatal y bienestar social _v20 _967461 |
|
| 999 |
_c40496 _d40496 |
||